Normal view
MARC view
- Bryant, Arthur
Entry Personal Name
001 - CONTROL NUMBER
- control field: 49103
003 - CONTROL NUMBER IDENTIFIER
- control field: NUST
005 - DATE AND TIME OF LATEST TRANSACTION
- control field: 20210314134243.0
008 - FIXED-LENGTH DATA ELEMENTS
- fixed length control field: 210314|| aca||aabn | a|a d
040 ## - CATALOGING SOURCE
- Original cataloging agency: NUST
- Transcribing agency: NUST
100 ## - HEADING--PERSONAL NAME
- Personal name: Bryant, Arthur
670 ## - SOURCE DATA FOUND
- Source citation: Work cat.: (NUST): Bryant, Arthur,, Years of victory, 1802-1812,, [1945]
